Vista normal
Vista MARC
Entrada Nombre Personal
Número de registros utilizados en: 6
001 - Número de Control
- control field: 43587
003 - Identificador de Número de Control
- control field: EC-QuCCB
005 - Fecha y Hora de la última transacción
- Campo de Control: 20250116162452.0
008 - Elementos de Datos de Longitud Fija
- fixed length control field: 250116|| aca||aabn | a|a d
040 ## - Origen de la Catalagación
- Agencia catalogadora original: EC-QuCCB
- Idioma de la catalogación: spa
100 1# - Asiento Principal--Nombre Personal
- Nombre personal :: Rowling, J. K.,
- Fecha asociadas con el Nombre : : 1965-
400 1# - Trazado Véase Desde -- Nombre Personal
- Nombre Personal: Fisle, Salmander,
400 1# - Trazado Véase Desde -- Nombre Personal
- Nombre Personal: Granger, Hermione,
- Fechas asociadas con un nombre : : 1965
400 0# - Trazado Véase Desde -- Nombre Personal
- Nombre Personal: J. K. Rowling,
- Título y otras palabras asociadas con un nombre : : escritora inglesa,
400 1# - Trazado Véase Desde -- Nombre Personal
- Nombre Personal: Murray, Joanne,
- Fechas asociadas con un nombre : : 1965-
670 ## - Fuente de la Información Encontrada
- Fuente citada :: Harry Potter y la cámara secreta, 2024:
- Informacion encontrada :: Portada (Rowling, J. K.)
670 ## - Fuente de la Información Encontrada
- Fuente citada :: VIAF
- Informacion encontrada :: Rowling, J. K., 1965-
- Informacion encontrada :: Fisle, Salmander,
- Informacion encontrada :: Granger, Hermione, 1965-
- Informacion encontrada :: J. K. Rowling, escritora inglesa,
- Informacion encontrada :: Murray, Joanne, 1965-
- Identificador Uniforme de Recursos :: https://viaf.org/es/viaf/116796842























